Rural poverty in developing countries issues and policies

Enregistré dans:
Détails bibliographiques
Auteur principal: Khan, Mahmood Hasan
Format: Livre
Langue:anglais
Publié: Washington International Monetary Fund 2000
Collection:IMF Working Paper WP/00/78
Sujets:
Tags: Ajouter un tag
Pas de tags, Soyez le premier à ajouter un tag!

MARC

LEADER 00000nam a2200000 4500
001 c124244
005 20221221083536.4
041 0 |a eng 
044 |a US 
245 1 0 |a Rural poverty in developing countries  |b issues and policies  |c Mahmood Hasan Khan 
264 1 |a Washington  |b International Monetary Fund  |c 2000 
300 |a 32 s. 
490 1 |a IMF Working Paper  |v WP/00/78 
830 0 |a IMF Working Paper  |v WP/00/78 
610 2 0 |a chudoba 
610 2 0 |a chudobní 
610 2 0 |a vidiek 
610 2 0 |a krajiny rozvojové 
100 1 |a Khan, Mahmood Hasan